| Tag |
First Indicator |
Second Indicator |
Subfields |
| LEADER |
00000cam a2200000 i 4500 |
| 001 |
in00004786813 |
| 003 |
OCoLC |
| 005 |
20250430201408.0 |
| 008 |
230707t20232023enkae b 001 0 eng d |
| 010 |
|
|
|a 2023941903
|
| 040 |
|
|
|a DLC
|e rda
|c DLC
|
| 020 |
|
|
|a 9781913107406
|q hardback
|
| 020 |
|
|
|a 191310740X
|
| 035 |
|
|
|a (OCoLC)1400077978
|
| 043 |
|
|
|a e-uk---
|a e-ie---
|
| 050 |
0 |
0 |
|a NA964
|b .B75 2023
|
| 082 |
0 |
0 |
|a 720.941
|2 23
|
| 100 |
1 |
|
|a Brindle, Steven,
|e author.
|
| 245 |
1 |
0 |
|a Architecture in Britain and Ireland, 1530-1830 /
|c Steven Brindle.
|
| 264 |
|
1 |
|a London :
|b Paul Mellon Centre for Studies in British Art,
|c [2023].
|
| 264 |
|
4 |
|c ©2023.
|
| 300 |
|
|
|a ix, 582 pages :
|b illustrations (some color), plans ;
|c 30 x 26 cm.
|
| 336 |
|
|
|a still image
|b sti
|2 rdacontent
|
| 336 |
|
|
|a text
|b txt
|2 rdacontent
|
| 337 |
|
|
|a unmediated
|b n
|2 rdamedia
|
| 338 |
|
|
|a volume
|b nc
|2 rdacarrier
|
| 504 |
|
|
|a Includes bibliographical references (pages 550-567) and index.
|
| 505 |
0 |
|
|a Prologue: Reformation and destruction -- Destruction & creation, 1530-1660 -- Ancient images, modern realities, 1660-1760 -- Wealth, progress & complexity, 1760-1830 -- Architectural culture III: a whole new world.
|
| 520 |
|
|
|a A major new history of architecture in Britain and Ireland that looks at buildings and their construction in detail while revealing the cultural, material, political and economic contexts that made them Architecture in Britain and Ireland, 1530-1830 presents a comprehensive history of architecture in Britain during this three-hundred-year period. Drawing on the most important advances in architectural history in the last seventy years, ranging across cultural, material, political and economic contexts, this book also encompasses architecture in Ireland and includes substantial commentary on the buildings of Scotland and Wales. Across three chronological sections: 1530-1660, 1660-1760 and 1760-1830, this volume explores how architectural culture evolved from a subject carried solely in the minds and skills of craftsmen to being embodied in books and documents and with new professions, architects, surveyors and engineers, in charge. With chapters dedicated to towns and cities, landscape, infrastructure, military architecture and industrial architecture and beautifully illustrated with new photography, detailed graphics and a wealth of historic images, Architecture in Britain and Ireland, 1530-1830 is an invaluable resource for students, historians and anyone with an interest in the architecture of this period, and promises to become a definitive work of scholarship in the field.
|
| 650 |
|
0 |
|a Architecture
|z Great Britain
|x History.
|
| 650 |
|
0 |
|a Architecture and society
|z Great Britain
|x History.
|
| 650 |
|
0 |
|a Architecture
|z Ireland
|x History.
|
| 650 |
|
0 |
|a Architecture and society
|z Ireland
|x History.
|
| 650 |
|
0 |
|a Architecture
|z Great Britain
|x History
|y 18th century.
|
| 650 |
|
0 |
|a Architecture
|z Great Britain
|x History
|y 19th century.
|
| 945 |
|
|
|b 34783
|
| 947 |
|
|
|a A14852517847
|
| 948 |
|
|
|a dmitchel 4/28/25 3.10.20
|
| 980 |
|
|
|b print
|c 40032215625
|f NONFIC/B
|g 565714
|k USD
|m 60.00
|q 1
|s AcqMono Conventional
|t Approval plan
|u Vendor order reference number
|v ZYBP
|y Print approval
|z Physical resource
|
| 999 |
f |
f |
|i 0c16ff38-96a1-4532-9f63-8a64b4d1ee6f
|s cd946ea8-8e4d-450f-9406-fd29c59eb288
|t 0
|
| 952 |
f |
f |
|p normal
|a Texas A&M University
|b College Station
|c Sterling C. Evans Library
|d Evans: Library Stacks
|t 0
|e NA964 .B75 2023
|h Library of Congress classification
|i unmediated -- volume
|m A14852517847
|
| 998 |
f |
f |
|a NA964 .B75 2023
|t 0
|l Evans: Library Stacks
|